Libro de las grandezas y cosas memorables de la metropolitana, insigne y famosa ciudad de Tarragona / (Record no. 162411)
[ view plain ]
| 000 -LEADER | |
|---|---|
| campo de control de longitud fija | 01387nam a2200289 i 4500 |
| 001 - NÚMERO DE CONTROL | |
| campo de control | 162411 |
| 003 - IDENTIFICADOR DE NÚMERO DE CONTROL | |
| campo de control | ES-MaACL |
| 005 - FECHA Y HORA DE LA ÚLTIMA TRANSACCIÓN | |
| campo de control | 20250730063143.0 |
| 008 - DATOS DE LONGITUD FIJA--INFORMACIÓN GENERAL | |
| campo de control de longitud fija | 921112s1883 sp |||| | spa d |
| 040 ## - FUENTE DE CATALOGACIÓN | |
| Centro catalogador/agencia de origen | CAT |
| Lengua de catalogación | spa |
| Centro/agencia transcriptor | CAT |
| Centro/agencia modificador | CCPB |
| 100 1# - ENTRADA PRINCIPAL--NOMBRE DE PERSONA | |
| Nombre de persona | Ponç i d'Icard, Lluís, |
| Fechas asociadas al nombre | ca. 1518-1578 |
| Término indicativo de función/relación | Autor |
| 9 (RLIN) | 131264 |
| 245 10 - MENCIÓN DEL TÍTULO | |
| Título | Libro de las grandezas y cosas memorables de la metropolitana, insigne y famosa ciudad de Tarragona / |
| Mención de responsabilidad, etc. | hecho por micer Luys Pons de Ycart |
| 260 ## - PUBLICACIÓN, DISTRIBUCIÓN, ETC. | |
| Lugar de publicación, distribución, etc. | Lérida : |
| Nombre del editor, distribuidor, etc. | [s.n.], |
| Fecha de publicación, distribución, etc. | 1883 |
| Fabricante | (Imp. M. á c. de F. Carruéz) |
| 300 ## - DESCRIPCIÓN FÍSICA | |
| Extensión | [62], 328 páginas. ; |
| Dimensiones | 16 cm. |
| 505 ## - NOTA DE CONTENIDO CON FORMATO | |
| Nota de contenido con formato | Biografía del autor por José Pleyán de Porta |
| 530 ## - NOTA DISPONIBLE DE FORMULARIO FÍSICO ADICIONAL | |
| Nota de formato físico adicional disponible | Disponible en formato digital |
| 534 ## - NOTA SOBRE LA VERSIÓN ORIGINAL | |
| Frase introductoria | Facs. de la ed. de: Lérida : por Pedro de Robles y Juan de Villanueva, 1572 |
| 600 17 - PUNTO DE ACCESO ADICIONAL DE MATERIA--NOMBRE DE PERSONA | |
| Nombre de persona | Ponç i d'Icard, Lluís, |
| Fechas asociadas al nombre | ca. 1518-1578 |
| Fuente del encabezamiento o término | |
| 9 (RLIN) | 131264 |
| 651 #4 - PUNTO DE ACCESO ADICIONAL DE MATERIA--NOMBRE GEOGRÁFICO | |
| Nombre geográfico | Tarragona- |
| Subdivisión general | Historia. |
| 9 (RLIN) | 137378 |
| 655 #7 - TERMINO DE INDIZACIÓN--GENERO/FORMA | |
| Fuente del término | tgfbne |
| 9 (RLIN) | 226495 |
| Datos o término principal de género/forma | Facsímiles |
| 700 1# - ENTRADA AGREGADA--NOMBRE PERSONAL | |
| 9 (RLIN) | 241384 |
| Nombre de persona | Pleyan de Porta, José, |
| Fechas asociadas al nombre | 1841-1891 |
| Término indicativo de función/relación | Colaborador |
| 852 ## - LOCALIZACIÓN | |
| Ubicación | ES-MaACL |
| Ubicación en estantería | Depósito |
| Signatura antigua | Olim: G-791 |
| Marcas de propiedad | Ex-libris de Antonio Cánovas del Castillo |
| Anotaciones manuscritas | Dedicatoria autógrafa de José Pleyan de Porta a Antonio Cánovas del Castillo |
| Número de control de estantería | R-1936 |
| Encuadernación | Holandesa |
| 856 ## - LOCALIZACIÓN Y ACCESO ELECTRÓNICOS | |
| Identificador Uniforme de Recursos | <a href="http://hdl.handle.net/10459/2688">http://hdl.handle.net/10459/2688</a> |
| Texto de enlace | Versión en línea |
| Nota pública | (Repositori Obert UdL) |
| 942 ## - ELEMENTOS DE ENTRADA SECUNDARIOS (KOHA) | |
| Fuente del sistema de clasificación o colocación | Clasificación decimal universal |
| Tipo de ítem Koha | Libro impreso antiguo |
| Suprimir en OPAC | No |
| Estatus retirado | Estado de pérdida | Estado de daño | No para préstamo | Colección | Biblioteca de origen | Biblioteca actual | Ubicación en estantería | Fecha de adquisición | Fuente de adquisición | Total de préstamos | Signatura topográfica completa | Código de barras | Visto por última vez | Precio de reemplazo | Tipo de ítem Koha |
|---|---|---|---|---|---|---|---|---|---|---|---|---|---|---|---|
| Libros del s. XIX | Biblioteca del Ateneo de Madrid | Biblioteca del Ateneo de Madrid | Depósito | 17/01/2008 | R-1936 | 1170147 | 23/02/2023 | 23/02/2023 | Libro impreso antiguo |
